LEADER 00399nab a2200145 i 4500 001 000000267379 003 CaOOAMICUS 005 20190401095927.0 008 071003n xx uu u0 0und r 013 $a11940 040 $aSeMil$bita 245 10$aLuglio-Settembre. 773 0 $t[2007].$dMilano : Giuffrè, 2007.$w()160738 996 $6245$aLuglio-Settembre$9(OLS)http://semarc/title/421939 LEADER 01060nam a2200217 i 4500 001 000000067433 003 CaOOAMICUS 005 20101119000000.0 008 101119s1995 it u000 u ita u 013 $a38605 040 $aSeMil$bita 245 10$aIndice analitico delle voci e dei temi d'interesse spirituale apostolico presenti negli scritti di don Luigi Palazzolo. 260 $aMilano :$bIstituto Palazzolo Suore delle Poverelle,$c1995. 300 $a29 p. ;$c20 cm. 600 14$aPalazzolo, Luigi Maria .$0(OLS)http://semarc/subject/13202 650 4$aEpistolari cristiani.$0(OLS)http://semarc/subject/1101 850 $aSeMil 852 $aSeMil$W1$xVenegono$y1$m3J I 333/1$j33586$B33586$CSeMilBibl$Z2$F33589 $81 961 $aOmaggio: Patti mons. Francesco 996 $6245$aIndice analitico delle voci e dei temi d'interesse spirituale apostolico presenti negli scritti di don Luigi Palazzolo$9(OLS)http://semarc/title/107467 996 $6260$aMilano :$bIstituto Palazzolo Suore delle Poverelle$9(OLS)http://semarc/publisher/42572